Colección de noticias de muchas de las indulgencias plenarias y perpetuas que pueden ganar todos los fieles de Christo, que con la debida disposición visitaren en sus respectivos días las Iglesias que se irán nombrando en ellos de esta corte de México /

Gorde:
Xehetasun bibliografikoak
Egile nagusia: Avila, Joseph de (autor)
Formatua: Liburua
Hizkuntza:gaztelania
Gaiak:
Etiketak: Etiketa erantsi
Etiketarik gabe, Izan zaitez lehena erregistro honi etiketa jartzen!

MARC

LEADER 00000nam^a2200000^a^4500
001 000136365
005 20250526000000.0
009 20260310095315.772
037 |a Acervo ITESO - Biblioteca 
041 |a ESP 
082 |a 265. 66  |b AVI 
100 |a Avila, Joseph de  |e (autor) 
245 1 0 |a Colección de noticias de muchas de las indulgencias plenarias y perpetuas que pueden ganar todos los fieles de Christo, que con la debida disposición visitaren en sus respectivos días las Iglesias que se irán nombrando en ellos de esta corte de México /  |c J. de Avila. 
264 |a México :  |b Imprenta de Zúñiga y Ontiveros,  |c 1787 
300 |a 152 p. ;  |c 15.0 cm. 
649 |a XX 
650 |a Indulgencias 
650 |a Penitencia 
650 |a Arrepentimiento 
650 |a Sacramentos 
650 |a Teología Práctica 
650 |a Catolicismo 
650 |a Cristianismo 
650 |a Religión 
910 |a Fondo Salvador Reynoso Reynoso 
920 |a Impresos - Libros 
930 |a Libros Antiguos y Raros 
905 |a 108 
901 |a 0800014153  |b IT2  |c LRA  |u 20250526 
902 |a https://opac.biblio.iteso.mx/vufind/Record/000136365